[Event "7th Batavia GM 2015"]
[Site "Amsterdam NED"]
[Date "2015.02.20"]
[Round "1.1"]
[White "Van Foreest, Jorden"]
[Black "Zwirs, Nico"]
[Result "1-0"]
[WhiteTitle "IM"]
[WhiteElo "2494"]
[BlackElo "2358"]
[WhiteFideId "1039784"]
[BlackFideId "1036432"]
[EventDate "2015.02.20"]

1. e4 c5 2. Nf3 d6 3. d4 cxd4 4. Nxd4 Nf6 5. Nc3 a6 6. Bg5 e6 7. f4 Qb6 8. Qd2
Qxb2 9. Rb1 Qa3 10. e5 dxe5 11. fxe5 Nfd7 12. Ne4 h6 13. Bh4 Qxa2 14. Rd1 Qd5
15. Qe3 Qxe5 16. Be2 Bc5 17. Bg3 Qd5 18. c4 Bxd4 19. Rxd4 Qa5+ 20. Rd2 O-O 21.
Bd6 Rd8 22. g4 Nc6 23. g5 hxg5 24. Rg1 Nde5 25. Rxg5 Rxd6 26. Nxd6 f6 27. Rh5
Ne7 28. Qh3 N7g6 29. Nxc8 Nf4 30. Rh8+ Kf7 31. Bh5+ Neg6 32. Bxg6+ Nxg6 33. Nd6+
Ke7 34. Rxa8 Qe5+ 35. Re2 Qa1+ 36. Kf2 Qd4+ 37. Kf1 Qf4+ 38. Kg2 Qxd6 39. Rxe6+
Qxe6 40. Re8+ Kf7 41. Qxe6# 1-0

[Event "7th Batavia GM 2015"]
[Site "Amsterdam NED"]
[Date "2015.02.20"]
[Round "1.2"]
[White "Soors, Stef"]
[Black "Heimann, Andreas"]
[Result "0-1"]
[WhiteTitle "IM"]
[BlackTitle "IM"]
[WhiteElo "2407"]
[BlackElo "2539"]
[WhiteFideId "209511"]
[BlackFideId "24624632"]
[EventDate "2015.02.20"]

1. e4 e5 2. Nf3 Nc6 3. Nc3 Nf6 4. Bb5 Nd4 5. O-O Nxb5 6. Nxb5 c6 7. Nc3 d6 8. d4
Qc7 9. h3 Be7 10. Qd3 O-O 11. a4 h6 12. a5 Be6 13. Be3 b5 14. axb6 axb6 15. d5
Bd7 16. Nd2 b5 17. dxc6 Qxc6 18. Nd5 Nxd5 19. exd5 Qc7 20. f4 f5 21. Qb3 Kh8 22.
Qb4 Bf6 23. fxe5 dxe5 24. Bc5 Rfc8 25. Nb3 Ra4 26. Rxa4 bxa4 27. Bd6 Qxc2 28.
Nc5 Be8 29. Ne6 Qb3 30. Rxf5 Bg6 31. Rf2 Qxd5 32. Qg4 Qxd6 33. Rxf6 gxf6 0-1

[Event "7th Batavia GM 2015"]
[Site "Amsterdam NED"]
[Date "2015.02.20"]
[Round "1.3"]
[White "Gormally, Daniel W"]
[Black "Kevlishvili, Robby"]
[Result "1-0"]
[WhiteTitle "GM"]
[BlackTitle "FM"]
[WhiteElo "2489"]
[BlackElo "2347"]
[WhiteFideId "406465"]
[BlackFideId "1040634"]
[EventDate "2015.02.20"]

1. e4 c5 2. Nf3 d6 3. d4 cxd4 4. Nxd4 Nf6 5. Nc3 a6 6. f3 e6 7. Be3 b5 8. Qd2
Nbd7 9. O-O-O Bb7 10. g4 Rc8 11. g5 Nh5 12. Be2 g6 13. a3 Be7 14. Kb1 O-O 15.
Rhg1 Nb6 16. f4 Nc4 17. Bxc4 Rxc4 18. f5 Qc8 19. fxe6 fxe6 20. Rgf1 Ng7 21.
Rxf8+ Bxf8 22. Qd3 Be7 23. Nde2 Qa8 24. Ng3 Rc8 25. h4 Rf8 26. Bd4 e5 27. Be3
Rf3 28. Rg1 Qc8 29. Qe2 Rf7 30. h5 Qh3 31. hxg6 hxg6 32. Qd1 Ne6 33. Nd5 Bxd5
34. Qxd5 Nc7 35. Qd1 Ne6 36. Qd5 Nc7 37. Qc6 Bf8 38. Bb6 Qd7 39. Qc3 Ne6 40. Be3
Nf4 41. Qd2 Qh3 42. Nh1 Qf3 43. Nf2 Nh3 44. Nxh3 Qxh3 45. Qe1 Qf3 46. Bc1 Qf2
47. Qd1 Qf3 48. Qd5 Qf2 49. Rh1 Qf3 50. Rh2 Kg7 51. Qe6 a5 52. Rh6 Qxe4 53. Qh3
Rf2 54. Rh7+ Kg8 55. Rh8+ Kf7 56. Qd7+ Be7 57. Qe8+ Ke6 58. Qc8+ Kd5 59. Qb7+
Kd4 60. Qb6+ 1-0

[Event "7th Batavia GM 2015"]
[Site "Amsterdam NED"]
[Date "2015.02.20"]
[Round "1.4"]
[White "Reinderman, Dimitri"]
[Black "Schmaltz, Roland"]
[Result "1-0"]
[WhiteTitle "GM"]
[BlackTitle "GM"]
[WhiteElo "2586"]
[BlackElo "2527"]
[WhiteFideId "1001302"]
[BlackFideId "4614054"]
[EventDate "2015.02.20"]

1. e4 g6 2. d4 Bg7 3. c4 d6 4. Nc3 Nf6 5. f3 O-O 6. Bg5 a6 7. Qd2 Nbd7 8. Nge2
c5 9. d5 b5 10. cxb5 Nb6 11. Ng3 axb5 12. Bxb5 Ba6 13. Bxa6 Rxa6 14. b3 Qa8 15.
Bh6 Bxh6 16. Qxh6 Ra3 17. O-O Qa5 18. Nge2 c4 19. Rab1 cxb3 20. axb3 Qc5+ 21.
Kh1 Qb4 22. Rfd1 Rc8 23. Rd4 Qa5 24. Qc1 Qa6 25. Qb2 Ra5 26. Rdd1 Rac5 27. Rbc1
Qb7 28. b4 Nc4 29. Qb3 R5c7 30. Nd4 Ne5 31. b5 Nfd7 32. h3 g5 33. Nc6 Nxc6 34.
dxc6 Rxc6 35. Qd5 R6c7 36. Qxg5+ Kh8 37. Qxe7 Rxc3 38. Rxc3 Rxc3 39. Rxd6 Qa7
40. Rxd7 Rc1+ 41. Kh2 Qg1+ 42. Kg3 Qe1+ 43. Kg4 f5+ 44. Kh5 1-0

[Event "7th Batavia GM 2015"]
[Site "Amsterdam NED"]
[Date "2015.02.20"]
[Round "1.5"]
[White "Goudriaan, Etienne"]
[Black "Ootes, Lars"]
[Result "0-1"]
[WhiteTitle "IM"]
[WhiteElo "2349"]
[BlackElo "2366"]
[WhiteFideId "1021150"]
[BlackFideId "1019708"]
[EventDate "2015.02.20"]

1. e4 d6 2. d4 g6 3. Nc3 Nf6 4. Bg5 c6 5. Qd2 b5 6. Bd3 Bg7 7. f4 O-O 8. Nf3 Bg4
9. O-O Qb6 10. Ne2 e5 11. fxe5 dxe5 12. a4 Nbd7 13. Be3 Bxf3 14. dxe5 Bh6 15.
Rxf3 Nxe5 16. Rh3 Bxe3+ 17. Qxe3 Nfg4 18. Qxb6 axb6 19. b3 bxa4 20. bxa4 Ra5 21.
Nc3 b5 22. Be2 h5 23. Rg3 Kg7 24. Nd1 Rd8 25. Bxg4 Nxg4 26. Nb2 Rd2 27. Rc3 b4
28. Rxc6 b3 29. Rc1 Ne3 30. Nc4 Rxg2+ 31. Kh1 Nxc4 32. Rxc4 b2 33. Rb1 Rag5 34.
Rb4 Re2 35. R4xb2 Rgg2 36. a5 Rxh2+ 37. Kg1 Rhg2+ 38. Kf1 h4 39. Rb3 Ref2+ 40.
Ke1 Rxc2 41. Kf1 Rh2 42. Kg1 Rcg2+ 43. Kf1 Ra2 44. Kg1 h3 45. Rg3 Rhg2+ 46. Rxg2
Rxg2+ 47. Kh1 Ra2 48. Rb3 Rxa5 49. Kh2 Re5 50. Rb4 Rh5 51. Rb6 Rh4 52. Rb4 g5
53. Rb5 Kg6 54. Rb6+ Kh5 55. Rf6 Rf4 56. Rxf4 gxf4 57. Kxh3 f6 0-1

[Event "7th Batavia GM 2015"]
[Site "Amsterdam NED"]
[Date "2015.02.21"]
[Round "2.1"]
[White "Van Foreest, Jorden"]
[Black "Soors, Stef"]
[Result "1/2-1/2"]
[WhiteTitle "IM"]
[BlackTitle "IM"]
[WhiteElo "2494"]
[BlackElo "2407"]
[WhiteFideId "1039784"]
[BlackFideId "209511"]
[EventDate "2015.02.20"]

1. e4 c6 2. d4 d5 3. Nd2 dxe4 4. Nxe4 Bf5 5. Ng3 Bg6 6. h4 h6 7. Nf3 Nd7 8. h5
Bh7 9. Bd3 Bxd3 10. Qxd3 e6 11. Bd2 Ngf6 12. O-O-O Be7 13. Kb1 O-O 14. Ne4 Nxe4
15. Qxe4 Nf6 16. Qe2 Qd5 17. Be3 Qb5 18. c4 Qf5+ 19. Ka1 c5 20. Nh4 Qh7 21. d5
exd5 22. cxd5 Rad8 23. Qf3 Qe4 24. Nf5 Rfe8 25. Qxe4 Nxe4 26. f3 Nd6 27. Nxe7+
Rxe7 28. Bxc5 b6 29. Bb4 Re2 30. g4 Nc4 31. Rd4 Ne3 32. Kb1 Nc2 33. Rd2 Rxd2 34.
Bxd2 Nd4 35. Rd1 Nxf3 36. Bf4 f6 37. Kc2 Kf7 38. Kc3 Ne5 39. Bxe5 fxe5 40. Kc4
Ke7 41. Rf1 Rd7 42. b3 Kd6 43. Rf8 b5+ 44. Kd3 Kxd5 45. Ke3 Ke6 46. Rb8 a6 47.
Rb6+ Rd6 48. Rb7 Kf6 49. Ra7 b4 50. Ke4 Rd4+ 51. Kf3 Rd6 52. Ke4 g6 53. hxg6
Rd4+ 54. Kf3 Rf4+ 55. Ke3 Rxg4 56. Rxa6+ Kf5 57. g7 Rg3+ 58. Kf2 Rxg7 59. Rxh6
Ke4 60. a3 bxa3 61. Ra6 Rc7 62. Rxa3 Rc3 63. Ke2 Rc2+ 64. Kd1 Rh2 65. b4 Rb2 66.
Rh3 Kd4 67. Rg3 e4 68. b5 Rxb5 69. Ke1 Rb2 70. Ra3 Ke5 71. Rc3 Kd4 72. Ra3 Rc2
73. Rb3 Rc3 74. Rxc3 Kxc3 75. Ke2 Kd4 76. Kd2 e3+ 77. Ke2 Ke4 78. Ke1 Kd3 79.
Kd1 e2+ 80. Ke1 Ke3 1/2-1/2

[Event "7th Batavia GM 2015"]
[Site "Amsterdam NED"]
[Date "2015.02.21"]
[Round "2.2"]
[White "Heimann, Andreas"]
[Black "Gormally, Daniel W"]
[Result "1-0"]
[WhiteTitle "IM"]
[BlackTitle "GM"]
[WhiteElo "2539"]
[BlackElo "2489"]
[WhiteFideId "24624632"]
[BlackFideId "406465"]
[EventDate "2015.02.20"]

1. e4 c5 2. Nf3 d6 3. d4 cxd4 4. Nxd4 Nf6 5. Nc3 a6 6. Bg5 e6 7. f4 Be7 8. Qf3
Qc7 9. O-O-O Nbd7 10. g4 b5 11. Bxf6 Bxf6 12. Bxb5 Rb8 13. Bxd7+ Bxd7 14. g5 Be7
15. h4 O-O 16. f5 Qb6 17. b3 Qc5 18. f6 Bd8 19. Nde2 Qe5 20. fxg7 Kxg7 21. Qf4
Qxf4+ 22. Nxf4 Rb6 23. Nh5+ Kg6 24. Nf4+ Kg7 25. e5 Bc6 26. Rhf1 d5 27. Nce2 Bc7
28. Nd4 Bd7 29. Nh5+ Kh8 30. Nf6 Bc8 31. Rde1 Kg7 32. Nh5+ Kh8 33. Rf6 Bd8 34.
Rh6 Rg8 35. Nf6 Rg7 36. Kb2 Be7 37. c3 Rb7 38. Rf1 Bf8 39. Rf4 1-0

[Event "7th Batavia GM 2015"]
[Site "Amsterdam NED"]
[Date "2015.02.21"]
[Round "2.3"]
[White "Schmaltz, Roland"]
[Black "Goudriaan, Etienne"]
[Result "0-1"]
[WhiteTitle "GM"]
[BlackTitle "IM"]
[WhiteElo "2527"]
[BlackElo "2349"]
[WhiteFideId "4614054"]
[BlackFideId "1021150"]
[EventDate "2015.02.20"]

1. e4 e5 2. Nf3 Nc6 3. Bb5 a6 4. Ba4 Nf6 5. d3 d6 6. c3 Be7 7. h3 b5 8. Bc2 Nb8
9. O-O Bb7 10. Re1 O-O 11. Nbd2 Re8 12. Nf1 Bf8 13. Ng3 g6 14. Bd2 Nbd7 15. Qc1
d5 16. Bg5 Qb8 17. Nh2 h5 18. Nf3 c5 19. Qd1 Bg7 20. exd5 Nxd5 21. Qd2 Qc7 22.
Ne4 f5 23. Ng3 Nf4 24. Nh4 Bf6 25. Bxf6 Nxf6 26. Nxg6 Nxg6 27. Qg5 Kf7 28. Nxf5
Rg8 29. Bb3+ c4 30. dxc4 Bxg2 31. Nh6+ Ke7 32. Nxg8+ Rxg8 33. c5 Bd5 34. Kf1
Qxc5 35. Re3 Kf7 36. Rd1 Bc4+ 37. Ke1 Nf4 38. Qxe5 Ng2+ 39. Kd2 Nxe3 40. Qxc5
Ne4+ 41. Kxe3 Nxc5 42. Bxc4+ bxc4 43. Rd5 Na4 44. Rxh5 Nxb2 45. Kd4 Rd8+ 46. Rd5
Rh8 47. Kc5 Rxh3 48. Rd2 Rh5+ 49. Kd4 Rb5 50. Re2 Kf6 51. a4 Rb8 52. f3 Rd8+ 53.
Kc5 Rc8+ 54. Kd4 Nd3 55. Rh2 Kg6 56. Re2 Kf5 57. Re7 Nc1 58. Kd5 Nb3 59. Re4
Rd8+ 60. Kc6 Rd3 0-1

[Event "7th Batavia GM 2015"]
[Site "Amsterdam NED"]
[Date "2015.02.21"]
[Round "2.4"]
[White "Kevlishvili, Robby"]
[Black "Reinderman, Dimitri"]
[Result "0-1"]
[WhiteTitle "FM"]
[BlackTitle "GM"]
[WhiteElo "2347"]
[BlackElo "2586"]
[WhiteFideId "1040634"]
[BlackFideId "1001302"]
[EventDate "2015.02.20"]

1. e4 Nf6 2. e5 Nd5 3. d4 d6 4. Nf3 dxe5 5. Nxe5 c6 6. c4 Nb4 7. Na3 Bf5 8. Be2
Nd7 9. Nf3 e6 10. O-O Be7 11. Be3 O-O 12. h3 b6 13. Qc1 Qc7 14. Rd1 Rfd8 15. Rd2
Nf6 16. Nh4 Be4 17. f3 Bg6 18. Nxg6 hxg6 19. Nc2 e5 20. Bf1 Kh7 21. Ne1 exd4 22.
Rxd4 c5 23. Rxd8 Rxd8 24. a3 Nc6 25. Nc2 Bd6 26. Qe1 Nh5 27. Bf2 Be5 28. Rb1 Re8
29. Qd1 Bh2+ 30. Kh1 Bg3 31. Bg1 Rd8 32. Qe2 Bf4 33. Bf2 Rd2 0-1

[Event "7th Batavia GM 2015"]
[Site "Amsterdam NED"]
[Date "2015.02.21"]
[Round "2.5"]
[White "Zwirs, Nico"]
[Black "Ootes, Lars"]
[Result "0-1"]
[WhiteElo "2358"]
[BlackElo "2366"]
[WhiteFideId "1036432"]
[BlackFideId "1019708"]
[EventDate "2015.02.20"]

1. e4 d6 2. d4 Nf6 3. Nc3 g6 4. f4 Bg7 5. Nf3 O-O 6. e5 dxe5 7. fxe5 Nd5 8. Bc4
Be6 9. Nxd5 Bxd5 10. Bxd5 Qxd5 11. Qd3 Nc6 12. O-O Rad8 13. Be3 Nb4 14. Qc3 c5
15. dxc5 Nc6 16. Bf4 Qe4 17. Bg3 Nd4 18. Nxd4 Qxd4+ 19. Qxd4 Rxd4 20. c3 Rd5 21.
b4 Rfd8 22. Rfe1 Rd3 23. Bf4 Rxc3 24. Rad1 Rcd3 25. Rxd3 Rxd3 26. b5 g5 27. Bxg5
Kf8 28. a4 Ke8 29. Re4 Rd5 30. Be3 Rxe5 31. Rxe5 Bxe5 32. Kf2 Kd7 33. h3 Ke6 34.
Kf3 Kd5 35. a5 Bb8 36. c6 bxc6 37. b6 a6 38. Bg5 f6 39. Bf4 e5 40. Bh6 c5 41.
Bg7 f5 42. Bf6 c4 43. Bd8 Bd6 44. g4 f4 45. Ke2 e4 46. Bf6 f3+ 47. Kf2 Bc5+ 48.
Kg3 f2 49. Kg2 e3 50. b7 e2 51. b8=Q f1=Q+ 0-1

[Event "7th Batavia GM 2015"]
[Site "Amsterdam NED"]
[Date "2015.02.22"]
[Round "3.1"]
[White "Gormally, Daniel W"]
[Black "Van Foreest, Jorden"]
[Result "0-1"]
[WhiteTitle "GM"]
[BlackTitle "IM"]
[WhiteElo "2489"]
[BlackElo "2494"]
[WhiteFideId "406465"]
[BlackFideId "1039784"]
[EventDate "2015.02.20"]

1. d4 d5 2. c4 c6 3. Nf3 Nf6 4. Nc3 dxc4 5. g3 b5 6. Ne5 Bb7 7. Bg2 a6 8. O-O e6
9. a4 Qb6 10. e4 Be7 11. Be3 O-O 12. b3 cxb3 13. Qxb3 Nbd7 14. d5 Bc5 15. dxc6
Nxe5 16. cxb7 Rab8 17. Bf4 Bd4 18. Rad1 Nfg4 19. Rd2 Rxb7 20. axb5 axb5 21. h3
Nxf2 22. Bxe5 Nxh3+ 23. Kh1 Bxe5 24. Bxh3 Qe3 0-1

[Event "7th Batavia GM 2015"]
[Site "Amsterdam NED"]
[Date "2015.02.22"]
[Round "3.2"]
[White "Soors, Stef"]
[Black "Zwirs, Nico"]
[Result "1/2-1/2"]
[WhiteTitle "IM"]
[WhiteElo "2407"]
[BlackElo "2358"]
[WhiteFideId "209511"]
[BlackFideId "1036432"]
[EventDate "2015.02.20"]

1. e4 c5 2. c3 d5 3. exd5 Qxd5 4. d4 Nf6 5. Nf3 e6 6. Na3 Nc6 7. Be3 cxd4 8. Nb5
Qd7 9. Nbxd4 Nd5 10. Bd2 Qc7 11. Nxc6 bxc6 12. c4 Nb6 13. Bd3 Bb7 14. Qe2 c5 15.
O-O-O Be7 16. Ng5 Bf6 17. Nxh7 Bd4 18. Ng5 O-O-O 19. Nf3 Bf6 20. Kc2 Na4 21. Rb1
Rd7 22. Be4 Rhd8 23. Rhe1 Ba6 24. Red1 Bd4 25. g4 g6 26. g5 e5 27. Be1 Nb6 28.
Nd2 Nd5 29. Bxd5 Rxd5 30. Ne4 R5d7 31. f3 Qc6 32. b3 Bb7 33. Rbc1 Rh8 34. Rd3
Kb8 35. Bg3 Ka8 36. Rh1 Rb8 37. h4 Ba6 38. Rd2 Rb4 39. Nc3 Bb7 40. Nd5 Rxd5 41.
cxd5 Qxd5 42. Rxd4 Rxd4 43. Bxe5 Re4 44. fxe4 Qxe4+ 45. Qxe4 Bxe4+ 46. Kc3 Bxh1
47. Kc4 Be4 48. Kxc5 Bb1 49. a3 Bc2 50. b4 Kb7 51. b5 a6 52. b6 Bd1 53. Bd4 Bc2
54. Kd6 Bb3 55. Ke7 Kc6 56. Kd8 Kb7 57. Kd7 Ba4+ 58. Ke7 Bb3 59. Bc5 Kc6 60. Kf6
Bd5 61. Bd4 Bb3 62. Ke7 1/2-1/2

[Event "7th Batavia GM 2015"]
[Site "Amsterdam NED"]
[Date "2015.02.22"]
[Round "3.3"]
[White "Goudriaan, Etienne"]
[Black "Kevlishvili, Robby"]
[Result "1/2-1/2"]
[WhiteTitle "IM"]
[BlackTitle "FM"]
[WhiteElo "2349"]
[BlackElo "2347"]
[WhiteFideId "1021150"]
[BlackFideId "1040634"]
[EventDate "2015.02.20"]

1. d4 d5 2. c4 c6 3. Nf3 Nf6 4. Nc3 e6 5. Bg5 h6 6. Bh4 dxc4 7. e4 g5 8. Bg3 b5
9. Be2 Bb7 10. O-O Nbd7 11. Ne5 h5 12. Nxd7 Qxd7 13. Qc1 Rg8 14. Rd1 h4 15. Be5
Qe7 16. h3 a6 17. b3 Nd7 18. Bh2 cxb3 19. axb3 Bg7 20. Ra2 Rd8 21. Rc2 Bh8 22.
Qe3 Nf6 23. e5 Nd5 24. Nxd5 Rxd5 25. Bf3 Qd7 26. Bxd5 Qxd5 27. Rc5 Qd7 28. f3 f5
29. exf6 Bxf6 30. Kh1 Kf7 31. Be5 Be7 32. Rc2 Qd5 33. Rd3 a5 34. Qe4 Qxe4 35.
fxe4 g4 36. Rf2+ Ke8 37. hxg4 Rxg4 38. Rf4 Rxf4 39. Bxf4 a4 40. bxa4 bxa4 41.
Bc1 c5 42. dxc5 Bxe4 43. Rc3 Kd7 44. Kh2 Bd5 45. Ba3 1/2-1/2

[Event "7th Batavia GM 2015"]
[Site "Amsterdam NED"]
[Date "2015.02.22"]
[Round "3.4"]
[White "Reinderman, Dimitri"]
[Black "Heimann, Andreas"]
[Result "1-0"]
[WhiteTitle "GM"]
[BlackTitle "IM"]
[WhiteElo "2586"]
[BlackElo "2539"]
[WhiteFideId "1001302"]
[BlackFideId "24624632"]
[EventDate "2015.02.20"]

1. e4 e5 2. Nf3 Nc6 3. Nc3 Nf6 4. g3 d5 5. exd5 Nxd5 6. Bg2 Nf6 7. O-O Bc5 8.
Na4 Bd6 9. d4 Bg4 10. h3 Bxf3 11. Bxf3 exd4 12. Bxc6+ bxc6 13. Qxd4 O-O 14. Bg5
h6 15. Bxf6 Qxf6 16. Qxf6 gxf6 17. Rfe1 Rfe8 18. Kf1 f5 19. Rad1 Rxe1+ 20. Rxe1
Rb8 21. b3 Kg7 22. Re3 Bb4 23. Rf3 Rb5 24. Rf4 Bd6 25. Rc4 f4 26. gxf4 Rh5 27.
Kg2 Rd5 28. Nc3 Rf5 29. Kf3 Rh5 30. Kg4 Ra5 31. Rxc6 1-0

[Event "7th Batavia GM 2015"]
[Site "Amsterdam NED"]
[Date "2015.02.22"]
[Round "3.5"]
[White "Ootes, Lars"]
[Black "Schmaltz, Roland"]
[Result "0-1"]
[BlackTitle "GM"]
[WhiteElo "2366"]
[BlackElo "2527"]
[WhiteFideId "1019708"]
[BlackFideId "4614054"]
[EventDate "2015.02.20"]

1. e4 c5 2. Nf3 e6 3. d4 cxd4 4. Nxd4 a6 5. Bd3 Bc5 6. Nb3 Be7 7. Qg4 g6 8. Qe2
d6 9. O-O Qc7 10. a4 Nd7 11. a5 Ngf6 12. Bh6 Ne5 13. f4 Neg4 14. Bg7 Rg8 15.
Bxf6 Nxf6 16. N1d2 e5 17. Nc4 Bg4 18. Qf2 Be6 19. Nb6 Rb8 20. Kh1 Ng4 21. Qe2
exf4 22. Rxf4 Ne5 23. Nd4 Bg5 24. Rff1 Qe7 25. Nxe6 fxe6 26. Rad1 Rd8 27. c3 Bf6
28. Rf2 Rf8 29. Rdf1 Bg7 30. Bc2 Rxf2 31. Qxf2 Nf7 32. Bb3 Kf8 33. Qf3 Kg8 34.
Qg4 Re8 35. Kg1 Ne5 36. Qh3 Kh8 37. Ba4 Rd8 38. Bb3 d5 39. exd5 Qc5+ 40. Kh1
Qxa5 41. dxe6 Qxb6 42. e7 Re8 43. Ba4 Nc6 44. Qh4 Qc7 45. Bxc6 bxc6 46. Re1 Be5
47. Qc4 Rxe7 48. Qxa6 Kg7 49. Qc4 Qd6 0-1

[Event "7th Batavia GM 2015"]
[Site "Amsterdam NED"]
[Date "2015.02.23"]
[Round "4.1"]
[White "Heimann, Andreas"]
[Black "Goudriaan, Etienne"]
[Result "1/2-1/2"]
[WhiteTitle "IM"]
[BlackTitle "IM"]
[WhiteElo "2539"]
[BlackElo "2349"]
[WhiteFideId "24624632"]
[BlackFideId "1021150"]
[EventDate "2015.02.20"]

1. d4 Nf6 2. c4 e6 3. Nf3 d5 4. Nc3 c6 5. e3 Nbd7 6. Qc2 Bd6 7. b3 O-O 8. Be2 e5
9. cxd5 Nxd5 10. Nxd5 cxd5 11. dxe5 Nxe5 12. Bb2 Nxf3+ 13. Bxf3 Bb4+ 14. Bc3 Qf6
15. Rc1 Bf5 16. Qd2 Bxc3 17. Rxc3 Rad8 18. O-O d4 19. Rc7 Rfe8 20. exd4 Rxd4 21.
Qc3 h6 22. Bxb7 Re2 23. Rc4 1/2-1/2

[Event "7th Batavia GM 2015"]
[Site "Amsterdam NED"]
[Date "2015.02.23"]
[Round "4.2"]
[White "Van Foreest, Jorden"]
[Black "Reinderman, Dimitri"]
[Result "0-1"]
[WhiteTitle "IM"]
[BlackTitle "GM"]
[WhiteElo "2494"]
[BlackElo "2586"]
[WhiteFideId "1039784"]
[BlackFideId "1001302"]
[EventDate "2015.02.20"]

1. e4 c5 2. Nf3 Nc6 3. d4 cxd4 4. Nxd4 e5 5. Nb5 a6 6. Nd6+ Bxd6 7. Qxd6 Qf6 8.
Qxf6 Nxf6 9. Nc3 Nb4 10. Kd2 d6 11. b3 Be6 12. Ba3 Nc6 13. Rd1 b5 14. Nd5 Nxe4+
15. Ke3 Bxd5 16. Rxd5 Ne7 17. Rd1 Nc3 18. Rd3 b4 19. Bb2 d5 20. Kd2 d4 21. Bxc3
bxc3+ 22. Kc1 Nd5 23. g3 Nb4 24. Rd1 Nxa2+ 25. Kb1 Nb4 26. f4 f6 27. fxe5 fxe5
28. Re1 Kd7 29. Rxe5 Rae8 30. Bh3+ Kd6 31. Rg5 Re2 32. Rd1 Rd2 33. Bg4 g6 34.
Re1 Rf8 35. Bh3 Re8 36. Rf1 Rde2 0-1

[Event "7th Batavia GM 2015"]
[Site "Amsterdam NED"]
[Date "2015.02.23"]
[Round "4.3"]
[White "Soors, Stef"]
[Black "Gormally, Daniel W"]
[Result "1-0"]
[WhiteTitle "IM"]
[BlackTitle "GM"]
[WhiteElo "2407"]
[BlackElo "2489"]
[WhiteFideId "209511"]
[BlackFideId "406465"]
[EventDate "2015.02.20"]

1. e4 c5 2. c3 d5 3. exd5 Qxd5 4. d4 Nf6 5. Nf3 e6 6. Be2 Be7 7. O-O Nc6 8. c4
Qd8 9. dxc5 O-O 10. a3 a5 11. Nc3 Bxc5 12. Na4 b6 13. Bf4 Nd7 14. Bd6 Re8 15.
Rb1 e5 16. Bxc5 bxc5 17. Qd5 Qc7 18. Ng5 Nf6 19. Qxc5 Ra7 20. Rfe1 Bf5 21. Rbc1
Nd4 22. Bd1 Qxc5 23. Nxc5 e4 24. Ba4 Re5 25. Rcd1 Rxc5 26. Rxd4 g6 27. f3 Rb7
28. Nxe4 Bxe4 29. fxe4 Rxb2 30. e5 1-0

[Event "7th Batavia GM 2015"]
[Site "Amsterdam NED"]
[Date "2015.02.23"]
[Round "4.4"]
[White "Kevlishvili, Robby"]
[Black "Ootes, Lars"]
[Result "0-1"]
[WhiteTitle "FM"]
[WhiteElo "2347"]
[BlackElo "2366"]
[WhiteFideId "1040634"]
[BlackFideId "1019708"]
[EventDate "2015.02.20"]

1. e4 d6 2. d4 g6 3. Nc3 Nf6 4. Be3 a6 5. h3 Nbd7 6. f4 b5 7. e5 b4 8. Qf3 Rb8
9. Ne4 Nxe4 10. Qxe4 Bb7 11. Qd3 e6 12. O-O-O Nb6 13. Kb1 Nd5 14. Bc1 c5 15.
dxc5 dxc5 16. Ne2 Qa5 17. Ng3 Be7 18. Ne4 O-O 19. Qe2 c4 20. Qxc4 Rfd8 21. h4
Ne3 22. Rxd8+ Rxd8 23. Qe2 Bd5 24. b3 Bxe4 25. Qxe3 Rd1 26. Qxe4 Qa3 27. Qe3 Bc5
28. Qd2 Rxd2 29. Bxd2 h5 30. Bc4 Bd4 31. Bc1 Qa5 32. Rd1 Qc5 33. Rd3 a5 34. a4
Kg7 35. Bb2 Bc3 36. g3 Qg1+ 37. Ka2 Qe1 38. Bb5 Kf8 39. Rd8+ Kg7 40. Rd3 Kg8 41.
Rd8+ Kh7 42. Rd3 Kh6 43. Bc4 Bd2 44. Rd7 Qd1 45. Bd3 Kg7 46. Rc7 Be1 47. Bb5
Bxg3 48. Bd7 Kh6 49. Bb5 Bxh4 50. Bd3 Kg7 51. Bd4 Be1 52. Kb2 Bd2 53. Rc5 h4 54.
Rxa5 Qc1+ 55. Ka2 Bc3 56. Bxc3 bxc3 57. b4 Qb2# 0-1

[Event "7th Batavia GM 2015"]
[Site "Amsterdam NED"]
[Date "2015.02.23"]
[Round "4.5"]
[White "Zwirs, Nico"]
[Black "Schmaltz, Roland"]
[Result "1/2-1/2"]
[BlackTitle "GM"]
[WhiteElo "2358"]
[BlackElo "2527"]
[WhiteFideId "1036432"]
[BlackFideId "4614054"]
[EventDate "2015.02.20"]

1. e4 c5 2. Nf3 e6 3. g3 Nc6 4. Bg2 d6 5. O-O Nf6 6. Qe2 Be7 7. c3 d5 8. exd5
Nxd5 9. Rd1 Bf6 10. d3 O-O 11. Nbd2 Bxc3 12. bxc3 Nxc3 13. Qf1 Nxd1 14. Qxd1
Qxd3 15. Bb2 Rd8 16. Qc1 Bd7 17. Qxc5 Rac8 18. Qg5 Qg6 19. Qe3 Qc2 20. Ba3 Be8
21. Bf1 Na5 22. Be7 Rd7 23. Bb4 Nc6 24. Ba3 Rcd8 25. Rc1 Qf5 26. Bb2 e5 27. Rc5
f6 28. Nh4 Qg5 29. f4 exf4 30. Qb3+ Bf7 31. Rxg5 Bxb3 32. Bxf6 Rf8 33. Bxg7 Rxg7
34. Rxg7+ Kxg7 35. axb3 fxg3 36. hxg3 Nd4 37. Kg2 Nc2 38. Be2 Ne3+ 39. Kg1 Nf5
40. Nxf5+ Rxf5 41. Kg2 b5 42. Ne4 Re5 43. Kf3 a5 44. Nc3 a4 45. bxa4 bxa4 46.
Nxa4 Ra5 47. Nb2 Rf5+ 48. Kg2 Rc5 49. Nd3 Ra5 50. Nf4 Ra3 51. Bf3 Ra5 52. g4 Kf6
53. Kg3 Ra3 54. Nh3 h6 55. Kf4 Ra4+ 56. Be4 Ra5 57. Bf5 Ra4+ 58. Be4 Ra5 59. Nf2
h5 60. gxh5 Rxh5 1/2-1/2

[Event "7th Batavia GM 2015"]
[Site "Amsterdam NED"]
[Date "2015.02.24"]
[Round "5.1"]
[White "Schmaltz, Roland"]
[Black "Kevlishvili, Robby"]
[Result "1-0"]
[WhiteTitle "GM"]
[BlackTitle "FM"]
[WhiteElo "2527"]
[BlackElo "2347"]
[WhiteFideId "4614054"]
[BlackFideId "1040634"]
[EventDate "2015.02.20"]

1. e4 c5 2. Nf3 d6 3. d4 cxd4 4. Nxd4 Nf6 5. Nc3 a6 6. f3 e6 7. Be3 b5 8. Qd2
Nbd7 9. O-O-O Bb7 10. g4 Rc8 11. g5 Nh5 12. Bd3 g6 13. Kb1 Bg7 14. Nce2 O-O 15.
Ng3 Nxg3 16. hxg3 Re8 17. Rh4 d5 18. exd5 Bxd5 19. Qf2 Qc7 20. Rdh1 Nf8 21. Nb3
Rb8 22. Bf4 e5 23. Bc1 Rec8 24. Rd1 Qc6 25. Be4 Bxe4 26. Rxe4 Rd8 27. Rh1 Rbc8
28. Be3 Rd5 29. Qe2 Qe6 30. Nc1 Rd7 31. Nd3 Rdc7 32. Rc1 Rc4 33. Nf2 Qe7 34. b3
Rxe4 35. Nxe4 Ne6 36. c3 Rd8 37. Rd1 Rd7 38. Rxd7 Qxd7 39. Kc2 Qc7 40. Kd1 Nf8
41. Qd3 Nd7 42. Qd5 Nf8 43. Ke2 Qb8 44. Qc6 a5 45. Qb6 Qa8 46. Qxb5 Ne6 47. Qd7
Qa6+ 48. c4 Qa8 49. Nd6 Qf8 50. c5 1-0